书目信息 |
| 题名: |
电工实用技术
|
|
| 作者: | 周裕厚 编著 | |
| 分册: | ||
| 出版信息: | 北京 机械工业出版社 2005.05 |
|
| 页数: | 219页 | |
| 开本: | 26cm | |
| 丛书名: | ||
| 单 册: | ||
| 中图分类: | TM | |
| 科图分类: | ||
| 主题词: | 电工技术--dian gong ji shu--基本知识 | |
| 电子资源: | ||
| ISBN: | 7-111-16202-1 | |
| 000 | 00796nam0 2200217 450 | |
| 001 | 012006835539 | |
| 005 | 20060628151303.81 | |
| 010 | @a7-111-16202-1@dCNY23.00 | |
| 100 | @a20060611d2005 km y0chiy0120 ea | |
| 101 | 0 | @achi |
| 102 | @aCN@b110000 | |
| 105 | @aa z 000yy | |
| 200 | 1 | @a电工实用技术@Adian gong shi yong ji shu@f周裕厚编著@Fzhou yu hou bian zhu |
| 210 | @a北京@c机械工业出版社@d2005.05 | |
| 215 | @a219页@c图, 折图@d26cm | |
| 330 | @a本书介绍了实用电路计算口诀、照明电路、三相异步电动机各种控制电路的绘制、安装及制作、三相异步电动机故障排查与维修、宾馆电气工程安装实例、变配电所的运行及电气设备的检测等。 | |
| 606 | 0 | @a电工技术@Adian gong ji shu@x基本知识 |
| 690 | @aTM@v4 | |
| 701 | 0 | @a周裕厚@Azhou yu hou@4编著 |
| 801 | 0 | @aCN@bQSSK@c20060628 |
| 905 | @a10447@dTM@eZ812 | |
| 电工实用技术/周裕厚编著.-北京:机械工业出版社,2005.05 |
| 219页:图, 折图;26cm |
| ISBN 7-111-16202-1:CNY23.00 |
| 本书介绍了实用电路计算口诀、照明电路、三相异步电动机各种控制电路的绘制、安装及制作、三相异步电动机故障排查与维修、宾馆电气工程安装实例、变配电所的运行及电气设备的检测等。 |
| ● |
| 相关链接 |
|
|
|
正题名:电工实用技术
索取号:TM/Z812
 
预约/预借
| 序号 | 登录号 | 条形码 | 馆藏地/架位号 | 状态 | 备注 |
| 1 | 583047 | 205830476 | 自科库301/301自科库 2排2列1层/ [索取号:TM/Z812] | 在馆 | |
| 2 | 583048 | 205830485 | 自科二线404/404自科库 10排6列6层/ [索取号:TM/Z812] | 在馆 | |
| 3 | 583049 | 205830494 | 自科库301/301自科库 2排2列1层/ [索取号:TM/Z812] | 在馆 |